[Event "BL2-Sued 9798"]
[Site "Germany"]
[Date "1998.??.??"]
[Round "?.5"]
[White "Luft, Andreas"]
[Black "Roemer, Ulrich"]
[Result "1/2-1/2"]
[WhiteElo "2295"]
[BlackElo "2285"]
[PlyCount "28"]
[EventDate "1997.10.??"]
[EventType "team-tourn"]
[EventRounds "9"]
[EventCountry "GER"]
[SourceTitle "EXT 1999"]
[Source "ChessBase"]
[SourceDate "1998.11.16"]
[SourceVersion "1"]
[SourceVersionDate "1998.11.16"]
[SourceQuality "1"]
[WhiteTeam "Regensburg DJK"]
[BlackTeam "Ulm"]
[WhiteTeamCountry "GER"]
[BlackTeamCountry "GER"]

1. d4 d6 2. c4 e5 3. Nf3 exd4 4. Nxd4 g6 5. Nc3 Bg7 6. e4 Nc6 7. Be3 Nf6 8. Nxc6 bxc6 9. Be2 0-0 10. 0-0 Re8 11. Rc1 c5 12. Qd2 Bb7 13. f3 Nd7 14. Rfe1 Ne5 1/2-1/2

[Event "BL2-Sued 9697"]
[Site "Germany"]
[Date "1997.??.??"]
[Round "?.5"]
[White "Eisele, Steffen"]
[Black "Luft, Andreas"]
[Result "1-0"]
[WhiteElo "2125"]
[BlackElo "2295"]
[PlyCount "71"]
[EventDate "1996.10.??"]
[EventType "team-tourn"]
[EventRounds "9"]
[EventCountry "GER"]
[SourceTitle "GER-chT2"]
[Source "ChessBase"]
[SourceDate "1999.07.01"]
[SourceVersion "1"]
[SourceVersionDate "1999.07.01"]
[SourceQuality "1"]
[WhiteTeam "Marbach"]
[BlackTeam "Regensburg"]
[WhiteTeamCountry "GER"]
[BlackTeamCountry "GER"]

1. e4 c5 2. c3 d6 3. g3 g6 4. Bg2 Bg7 5. Ne2 e6 6. 0-0 Ne7 7. d4 cxd4 8. cxd4 d5 9. Nbc3 dxe4 10. Nxe4 0-0 11. Bg5 h6 12. Bf6 Bxf6 13. Nxf6+ Kg7 14. Ng4 Nbc6 15. Qd2 Nf5 16. Rfd1 h5 17. Ne5 Bd7 18. Bxc6 Bxc6 19. Nxc6 bxc6 20. Qc3 Rb8 21. b3 Qf6 22. Qxc6 Rfc8 23. Qe4 Rb4 24. Rd2 Rd8 25. Rad1 a5 26. Qf3 Qg5 27. d5 Nh4 28. Qc3+ Kg8 29. Kf1 exd5 30. gxh4 Rxh4 31. Qg3 Rg4 32. Qf3 Qh4 33. Rxd5 Rxd5 34. Rxd5 Qxh2 35. Rd8+ Kg7 36. Rd7 1-0

[Event "BL2-Sued 9798"]
[Site "Germany"]
[Date "1997.??.??"]
[Round "?.5"]
[White "Luft, Andreas"]
[Black "Heika, Martin"]
[Result "1-0"]
[WhiteElo "2295"]
[BlackElo "2260"]
[PlyCount "105"]
[EventDate "1997.10.??"]
[EventType "team-tourn"]
[EventRounds "9"]
[EventCountry "GER"]
[SourceTitle "EXT 1999"]
[Source "ChessBase"]
[SourceDate "1998.11.16"]
[SourceVersion "1"]
[SourceVersionDate "1998.11.16"]
[SourceQuality "1"]
[WhiteTeam "Regensburg DJK"]
[BlackTeam "Regensburg SVF"]
[WhiteTeamCountry "GER"]
[BlackTeamCountry "GER"]

1. d4 Nf6 2. c4 g6 3. Nc3 Bg7 4. e4 d6 5. Be2 0-0 6. Bg5 Na6 7. Qd2 e5 8. d5 Nc5 9. f3 a5 10. h4 c6 11. g4 cxd5 12. cxd5 Bd7 13. Nh3 a4 14. Nf2 Qa5 15. h5 Rfc8 16. Kf1 Rc7 17. Kg2 b5 18. hxg6 fxg6 19. Rac1 b4 20. Ncd1 Rac8 21. Ne3 Bb5 22. Bxb5 Qxb5 23. Rc4 Na6 24. b3 axb3 25. axb3 Nd7 26. Nd3 Nb6 27. Rxc7 Rxc7 28. Rc1 Rxc1 29. Nxc1 Nd7 30. Nc4 Bf8 31. Nd3 Ndc5 32. Nxc5 Nxc5 33. Qa2 Qd7 34. Be3 Nxe4 35. fxe4 Qxg4+ 36. Kf2 Qh4+ 37. Ke2 Qxe4 38. Qa8 Qg4+ 39. Kd2 Qg2+ 40. Ke1 Qg3+ 41. Kd2 Qg2+ 42. Ke1 Qe4 43. Kd2 Kf7 44. Qc6 Qg2+ 45. Kc1 Qh3 46. Kd2 Qh2+ 47. Kc1 Qh1+ 48. Kd2 Kf6 49. Nxd6 Bxd6 50. Qxd6+ Kf5 51. Qe6+ Ke4 52. Qg4+ Kxd5 53. Qd7+ 1-0

[Event "BL2-Sued 9697"]
[Site "Germany"]
[Date "1997.??.??"]
[Round "?.3"]
[White "Luft, Andreas"]
[Black "Neunhoeffer, Helmut"]
[Result "1-0"]
[WhiteElo "2295"]
[BlackElo "2335"]
[PlyCount "91"]
[EventDate "1996.10.??"]
[EventType "team-tourn"]
[EventRounds "9"]
[EventCountry "GER"]
[SourceTitle "GER-chT2"]
[Source "ChessBase"]
[SourceDate "1999.07.01"]
[SourceVersion "1"]
[SourceVersionDate "1999.07.01"]
[SourceQuality "1"]
[WhiteTeam "Regensburg"]
[BlackTeam "Heidelberg"]
[WhiteTeamCountry "GER"]
[BlackTeamCountry "GER"]

1. d4 Nf6 2. c4 e6 3. Nc3 Bb4 4. e3 0-0 5. Bd3 Re8 6. Nge2 e5 7. 0-0 exd4 8. exd4 h6 9. a3 Bf8 10. b4 d6 11. Ng3 Nc6 12. Bc2 g6 13. h3 Ne7 14. Qf3 Bg7 15. Re1 c6 16. Bxh6 Bxh6 17. Qxf6 Bg7 18. Qf4 d5 19. cxd5 Nxd5 20. Nxd5 cxd5 21. Bb3 Be6 22. Rac1 Qb6 23. Ne2 Rac8 24. Qd2 Kh7 25. Rc5 Bf8 26. Rxc8 Rxc8 27. Nc3 Qc6 28. Na4 b6 29. Qg5 Qd7 30. h4 Be7 31. Qf4 Qc7 32. Qf3 Qd6 33. h5 gxh5 34. Nc3 Rd8 35. Qxh5+ Kg7 36. Re3 Bf6 37. Rg3+ Kf8 38. Qh6+ Ke7 39. Rf3 Bh8 40. Qh4+ Kd7 41. Ba4+ Kc8 42. Nb5 Qd7 43. Rc3+ Kb7 44. Rc7+ Qxc7 45. Nxc7 Kxc7 46. Qe7+ 1-0

[Event "BL2-Sued 9596"]
[Site "Germany"]
[Date "1996.??.??"]
[Round "?.2"]
[White "Arnold, Lothar"]
[Black "Luft, Andreas"]
[Result "1/2-1/2"]
[WhiteElo "2370"]
[BlackElo "2315"]
[PlyCount "103"]
[EventDate "1995.10.??"]
[EventType "team-tourn"]
[EventRounds "9"]
[EventCountry "GER"]
[SourceTitle "GER-chT2"]
[Source "ChessBase"]
[SourceDate "1999.07.01"]
[SourceVersion "1"]
[SourceVersionDate "1999.07.01"]
[SourceQuality "1"]
[WhiteTeam "Eppingen"]
[BlackTeam "Regensburg DJK"]
[WhiteTeamCountry "GER"]
[BlackTeamCountry "GER"]

1. e4 c5 2. Nf3 d6 3. d4 cxd4 4. Nxd4 Nf6 5. Nc3 a6 6. Be3 Ng4 7. Bg5 h6 8. Bh4 g5 9. Bg3 Bg7 10. Be2 h5 11. h4 Nc6 12. Nb3 gxh4 13. Rxh4 Be6 14. Qd2 Qb6 15. Nd5 Bxd5 16. exd5 Nce5 17. 0-0-0 Bh6 18. f4 Qe3 19. Qxe3 Nxe3 20. fxe5 Nf5+ 21. Kb1 Nxg3 22. exd6 Bg5 23. Rb4 Nxe2 24. dxe7 Bxe7 25. d6 0-0-0 26. Rc4+ Kb8 27. Re4 Rxd6 28. Rxd6 Nc3+ 29. bxc3 Bxd6 30. Kc1 Rg8 31. Re2 f6 32. Kd2 Rg3 33. Rf2 Be5 34. Nd4 Kc7 35. Ne2 Rg4 36. Kd3 Ra4 37. Nd4 Rxa2 38. Rf5 h4 39. Nf3 Ra4 40. Nxe5 fxe5 41. Rxe5 Rg4 42. Rh5 b5 43. Rh7+ Kb6 44. Rh6+ Ka5 45. Ke3 Rg3+ 46. Kd4 Rxg2 47. Rxh4 Rd2+ 48. Ke3 Rd6 49. Rd4 Rxd4 50. cxd4 Kb6 51. Kd3 a5 52. c4 1/2-1/2